<?xml version="1.0" encoding="UTF-8"?>
<record
    xmlns:xsi="http://www.w3.org/2001/XMLSchema-instance"
    xsi:schemaLocation="http://www.loc.gov/MARC21/slim http://www.loc.gov/standards/marcxml/schema/MARC21slim.xsd"
    xmlns="http://www.loc.gov/MARC21/slim">

  <leader>01377    a2200217   4500</leader>
  <controlfield tag="001">61813</controlfield>
  <controlfield tag="005">20260407155909.0</controlfield>
  <controlfield tag="008">260407a1989    arg                 spa d</controlfield>
  <controlfield tag="003">AR-UNSa-BCEJYS</controlfield>
  <datafield tag="040" ind1=" " ind2=" ">
    <subfield code="a">AR-UNSa-BCEJYS</subfield>
    <subfield code="b">spa</subfield>
    <subfield code="c">AR-UNSa-BCEJYS</subfield>
  </datafield>
  <datafield tag="080" ind1=" " ind2=" ">
    <subfield code="a">347.772</subfield>
    <subfield code="x">Marcas comerciales: registro, control</subfield>
  </datafield>
  <datafield tag="245" ind1="1" ind2="0">
    <subfield code="a">Tratado del nombre social</subfield>
  </datafield>
  <datafield tag="020" ind1=" " ind2=" ">
    <subfield code="a">978-950-569-025-1</subfield>
  </datafield>
  <datafield tag="264" ind1=" " ind2="1">
    <subfield code="a">Buenos Aires :</subfield>
    <subfield code="b">Abaco</subfield>
    <subfield code="c">1989</subfield>
  </datafield>
  <datafield tag="300" ind1=" " ind2=" ">
    <subfield code="a">461 p.</subfield>
    <subfield code="c">23 cm.</subfield>
  </datafield>
  <datafield tag="505" ind1=" " ind2=" ">
    <subfield code="a">1. Historia del nombre y la marca &#x2013; 2. Evoluci&#xF3;n legislativa &#x2013; 3. Naturaleza jur&#xED;dica del nombre civil &#x2013; 4. Naturaleza jur&#xED;dica del nombre comercial &#x2013; 5. Naturaleza jur&#xED;dica del nombre social &#x2013; 6. El nombre social y otras personas jur&#xED;dicas. Naturaleza jur&#xED;dica &#x2013; 7. El seud&#xF3;nimo &#x2013; 8. La ense&#xF1;a &#x2013; 9. Adquisici&#xF3;n del nombre &#x2013; 10. Cese, p&#xE9;rdida y extinci&#xF3;n del nombre &#x2013; 11. Protecci&#xF3;n del nombre &#x2013; 12. Conflictos del nombre &#x2013; 13. La firma &#x2013; 14. El nombre en las sociedades comerciales &#x2013; 15. El nombre social en las sociedades cooperativas, sociedades civiles, asociaciones, diversos entes y otros supuestos &#x2013; 16. Transferencia del nombre &#x2013; 17. La prescripci&#xF3;n &#x2013; 18. Usurpaci&#xF3;n del nombre &#x2013; 19. Competencia &#x2013; 20. Recurso extraordinario &#x2013;</subfield>
  </datafield>
  <datafield tag="041" ind1=" " ind2=" ">
    <subfield code="a">spa</subfield>
  </datafield>
  <datafield tag="942" ind1=" " ind2=" ">
    <subfield code="c">BK</subfield>
  </datafield>
  <datafield tag="590" ind1=" " ind2=" ">
    <subfield code="a">niveau_biblio:m niveau_hierar:0</subfield>
  </datafield>
  <datafield tag="100" ind1="1" ind2=" ">
    <subfield code="a">Cornejo Costas, Emilio</subfield>
  </datafield>
  <datafield tag="999" ind1=" " ind2=" ">
    <subfield code="c">7417</subfield>
    <subfield code="d">7417</subfield>
  </datafield>
  <datafield tag="952" ind1=" " ind2=" ">
    <subfield code="0">0</subfield>
    <subfield code="1">0</subfield>
    <subfield code="4">0</subfield>
    <subfield code="7">0</subfield>
    <subfield code="a">BCEJYS</subfield>
    <subfield code="b">BCEJYS</subfield>
    <subfield code="c">16</subfield>
    <subfield code="d">2026-04-07</subfield>
    <subfield code="l">0</subfield>
    <subfield code="o">347.772 C813</subfield>
    <subfield code="p">L53127</subfield>
    <subfield code="r">2026-04-07 15:59:09</subfield>
    <subfield code="w">2026-04-07</subfield>
    <subfield code="y">L</subfield>
  </datafield>
  <datafield tag="952" ind1=" " ind2=" ">
    <subfield code="0">0</subfield>
    <subfield code="1">0</subfield>
    <subfield code="4">0</subfield>
    <subfield code="7">0</subfield>
    <subfield code="a">BCEJYS</subfield>
    <subfield code="b">BCEJYS</subfield>
    <subfield code="c">16</subfield>
    <subfield code="d">2026-04-07</subfield>
    <subfield code="l">0</subfield>
    <subfield code="o">347.772 C813</subfield>
    <subfield code="p">L45924</subfield>
    <subfield code="r">2026-04-07 15:59:09</subfield>
    <subfield code="w">2026-04-07</subfield>
    <subfield code="y">L</subfield>
  </datafield>
</record>
